Contestaciones a oposiciones a operadores de equipo de preparación de datos del Instituto Nacional de Previsión / (Record no. 123901)

MARC details
000 -LEADER
campo de control de longitud fija 00685nam a2200181 4500
001 - NÚMERO DE CONTROL
campo de control 123901
003 - IDENTIFICADOR DE NÚMERO DE CONTROL
campo de control ES-MaACL
005 - FECHA Y HORA DE LA ÚLTIMA TRANSACCIÓN
campo de control 20230906192254.0
007 - CAMPO FIJO DE DESCRIPCIÓN FÍSICA--INFORMACIÓN GENERAL
campo de control de longitud fija t|
008 - DATOS DE LONGITUD FIJA--INFORMACIÓN GENERAL
campo de control de longitud fija 070214s1973 sp r ||||1| spa d
100 1# - ENTRADA PRINCIPAL--NOMBRE DE PERSONA
Nombre de persona Ramos Ciudad, Miguel.
9 (RLIN) 95298
245 10 - MENCIÓN DEL TÍTULO
Título Contestaciones a oposiciones a operadores de equipo de preparación de datos del Instituto Nacional de Previsión /
Mención de responsabilidad, etc. Miguel Ramos Ciudad, Manuel Villalba Escudero.
260 ## - PUBLICACIÓN, DISTRIBUCIÓN, ETC.
Lugar de publicación, distribución, etc. Madrid :
Nombre del editor, distribuidor, etc. Instituto de Ciencias Económicas,
Fecha de publicación, distribución, etc. 1973.
300 ## - DESCRIPCIÓN FÍSICA
Extensión 153 p. ;
Dimensiones 21 cm.
700 1# - ENTRADA AGREGADA--NOMBRE PERSONAL
Nombre de persona Villalba Escudero, Manuel.
9 (RLIN) 114947
710 00 - ENTRADA AGREGADA--NOMBRE DE ENTIDAD CORPORATIVA
Nombre de entidad corporativa o nombre de jurisdicción como elemento de entrada Instituto de Ciencias Económicas ( Madrid)
9 (RLIN) 4839
852 ## - LOCALIZACIÓN
Ubicación ES-MaACL
Número de control de estantería C-54045
Sublocalización o colección R.86959
Holdings
Estatus retirado Estado de pérdida Estado de daño No para préstamo Biblioteca de origen Biblioteca actual Ubicación en estantería Fecha de adquisición Fuente de adquisición Total de préstamos Signatura topográfica completa Código de barras Visto por última vez Precio de reemplazo Tipo de ítem Koha
        Biblioteca del Ateneo de Madrid Biblioteca del Ateneo de Madrid Depósito 2 17/01/2008     C-54045 1129089 23/02/2023 23/02/2023 Libro impreso